Cómo hacer un trabajo escrito

I tiakina i:
Ngā taipitopito rārangi puna kōrero
Kaituhi matua: Puig i Oliver, Irene de (Author)
Hōputu: Pukapuka
Reo:Pāniora
I whakaputaina: Barcelona Octaedro 1994
Ngā marau:
Ngā Tūtohu: Tāpirihia he Tūtohu
Kāore He Tūtohu, Me noho koe te mea tuatahi ki te tūtohu i tēnei pūkete!

MARC

LEADER 00000nam a2200000 a 4500
001 UCU4811
003 CL-VaPUC
005 20250506102932.0
008 960524e19940000SP |||||||||||||||||spa|d
999 |c 248349  |d 248347 
040 |c Pontificia Universidad Católica de Valparaíso 
082 0 4 |a 001.4  |b PUI  |2 21 
100 0 |a Puig i Oliver, Irene de  |e author  |9 362474 
245 1 0 |a Cómo hacer un trabajo escrito 
260 |a Barcelona  |b Octaedro  |c 1994 
300 |a 95 p 
583 |a last modification  |c 19960524 00:00:00  |k Rodrigo Vera 
650 7 |a Trabajo escrito  |2 CL-VaPUC  |9 339840  |x Redacción 
942 |c BK  |2 ddc 
945 |d 19960524 00:00:00  |a aalvarez 
952 |0 0  |1 0  |4 0  |6 001_400000000000000_PUI_1994  |7 0  |8 A  |9 264912  |a FDOPOS  |b FDOPOS  |d 2019-11-19  |i 3689832  |o 001.4 PUI 1994  |p 3689832  |r 2025-01-22  |w 2019-11-19  |y BK  |k MLA 
952 |0 0  |1 2  |4 0  |6 001_400000000000000_PUI_1994  |7 0  |8 A  |9 264913  |a BIBTEO  |b BIBTEO  |d 2019-11-19  |i 3194574  |o 001.4 PUI 1994  |p 3194574  |r 2019-11-19  |w 2019-11-19  |x Descarte 2019  |y BK  |k ICR